| 000 | 00000nam##2200000za#4500 |
| 001 | 9.605227 |
| 003 | CaOODSP |
| 005 | 20240206145613 |
| 007 | cr ||||||||||| |
| 008 | 150406|2006||||xxc|||||o f|0| 0 fre|d |
| 040 | |aCaOODSP|bfre |
| 043 | |an-cn--- |
| 086 | 1 |aTU3-6/06-119F-PDF |
| 110 | 2 |aBureau de la sécurité des transports du Canada. |
| 245 | 10|aDéraillement - Train de voyageurs no RMV 1-28 de la Rocky Mountaineer Vacations Inc. Point milliaire 68,3 de la subdivision Mountain du Chemin de fer Canadien Pacifique Fraine (Colombie-Britannique), le 28 mai 2006 |h[ressource électronique] |
| 260 | |aOttawa - Ontario : |bBureau de la sécurité des transports du Canada |c[2006]. |
| 300 | |a17p.|bill. en couleur, figures |
| 490 | 1 |aRapport d'enquête sur un accident ferroviaire |vR06V0119 |
| 590 | |a13-08-Supp|b2013-04-02 |
| 775 | 08|tTrain derailment - Rocky Mountaineer Vacations Inc. Passenger Train RMV 1-28 Mile 68.3, Canadian Pacific Railway Mountain Subdivision, Fraine, British Columbia, 28 May 2006 |w(CaOODSP)9.575813 |
| 830 | #0|aRapport d'enquête sur un accident ferroviaire ;|vR06V0119|w(CaOODSP)9.501252 |
| 856 | 40|ahttp://publications.gc.ca|qPDF|s409 Ko|uhttps://publications.gc.ca/collections/collection_2013/bst-tsb/TU3-6-06-119-fra.pdf|yR06V0119 |